Marka lub Firma na i - Statystyki

Ogólne statystyki
  • Ten quiz został rozwiązany 27 razy
    9 od ostatniego zresetowania
  • Średni wynik to 1 z 10
Statystyki odpowiedzi
Odpowiedź % Poprawnych
Intel
60%
Ikea
20%
Infiniti
20%
ING
20%
Inka
0%
Inpost
0%
Instagram
0%
Intimissimi
0%
Itaka
0%
Iveco
0%
Nie znaleziono quizów pasujących do podanych kryteriów
Rozkład punktacji
Procent ludzi z każdym wynikiem
Percentyl według liczby udzielonych odpowiedzi
Twoja historia wyników
Nie rozwiązałeś tego quizu od ostatniego zresetowania